Cycling - Top 20 Current riders (PCS - ranking) - Statistics

General Stats
  • This quiz has been taken 154 times
  • The average score is 14 of 20
Answer Stats
No. Hint Answer % Correct
1 Slo. Tadej Pogačar
100%
3 Den. Jonas Vingegaard
97%
8 Neth. Mathieu van der Poel
96%
2 Mex. Isaac Del Toro
92%
6 Belg. Remco Evenepoel
92%
18 Belg. Wout van Aert
90%
4 Port. João Almeida
89%
5 Den. Mads Pedersen
86%
7 UK Thomas Pidcock
74%
17 Belg. Tim Merlier
68%
20 Belg. Jasper Philipsen
67%
12 Esp. Juan Ayuso
67%
19 Ita. Jonathan Milan
63%
9 UK Oscar Onley
56%
10 Belg. Arnaud De Lie
47%
15 USA Brandon McNulty
47%
13 Ita. Giulio Ciccone
46%
11 Fra. Paul Magnier
34%
16 Fra. Kévin Vauquelin
32%
14 Ita. Christian Scaroni
29%
No matching quizzes found
Score Distribution
Percent of People with Each Score
Percentile by Number Answered
Your Score History
You have not taken this quiz